000 01340nam a22004217a 4500
001 BR2010005835
003 BR-BrBNA
005 20230928103555.0
007 ta
008 230509b bl.||||| |||| 00| 0 por d
040 _aBR-BrBNA
_bpor
_cBiblioteca Nacional de Agricultura
041 _a(Por)
072 _aF01; H10
090 _ F01 BR2010005835
100 1 _aSantos, V. dos (ed.)
100 1 _aTamai, M.A. (ed.)
100 1 _aMartins, M.C. (ed.)
100 1 _aPrado, P.E.R. (ed.)
100 1 _aFrança, R.R.M. (ed.)
100 1 _aLopes, P.V.L. (ed.)
111 1 _a2. Encontro Técnico do Programa de Agricultura Sustentável
_cFazenda Mizote 4: São desidério, BA (Brazil)
_d14 Jun 2007
245 1 _a2. Encontro técnico do programa de agricultura sustentável.Fazenda Mizote 4 São Desidério- BA
260 3 _aBarreira, BA (Brasil):
_c14 Jun 2007.
300 _a114 p.
500 _aSeveral bibliographies.; 23 illus.; 18 tables
650 _aCONTROLE BIOLÓGICO
650 _aPRODUÇÃO VEGETAL
650 _aPLANTIO DIRETO
650 _aOESTE BAIANO
650 _aBICUDO
650 _aFINANCIAMENTO
650 _aPROJETO DE DESENVOLVIMENTO
650 _aGADO DE CORTE
650 _aAGRICULTURA SUSTENTÁVEL
650 _aINTEGRAÇÃO
909 _a202309
_bLucia
_c55
_dLucia Elande
942 _cBK
999 _c75662
_d75662